000 00912nam a2200277Ia 4500
003 OSt
005 20221007122828.0
006 a|||||r|||| 00| 0
007 ta
008 221006b |||||||| |||| 00| 0 eng d
020 _a9788184871777 (pbk)
024 _a190412
037 _b3002, 10/03/2014, Narosa Book Distributors Pvt. Ltd.
_cTextual
040 _aPAPL
_cPAPL
_beng
041 _2eng
_aeng
082 _aCxM79w, Q2 Carpa
100 _aGamalath K A I L Wijewardena
_9428277
245 0 _aEinstein : his life and works
260 _aNew
_bDelhi Narosa
_c2012
300 _ax,386p.
_ccm.
500 _aNotes 355-376p.; Index 377-386p.
650 _a Albert Einstein - Biography
_9715342
650 _aPhysics
942 _hCxM79w, Q2 Carpa
_cTEXL
_2CC
999 _c1211002
_d1211002